Vplyv znalostí v procese stanovenia všeobecnej hodnoty ľudského kapitálu podniku

Vymedzenie znalostí a znalostného manažmentu. Znalosti - základný kapitál podniku. Ľudský kapitál podniku. Proces ohodnotenia ľudského kapitálu podniku. Metódy stanovenia hodnoty ľudského kapitálu.

Guardado en:
Detalles Bibliográficos
Autor principal: Kintler, Jakub, 1979-
Formato: Capítulo de libro
Lenguaje:eslovaco
Materias:
Etiquetas: Agregar Etiqueta
Sin Etiquetas, Sea el primero en etiquetar este registro!

MARC

LEADER 00000nla a2200000 4500
001 0186554
005 20240502073203.4
041 0 |a slo 
044 |a SK 
245 1 0 |a Vplyv znalostí v procese stanovenia všeobecnej hodnoty ľudského kapitálu podniku  |c Jakub Kintler 
520 |a Vymedzenie znalostí a znalostného manažmentu. Znalosti - základný kapitál podniku. Ľudský kapitál podniku. Proces ohodnotenia ľudského kapitálu podniku. Metódy stanovenia hodnoty ľudského kapitálu. 
610 2 0 |a kapitál ľudský 
610 2 0 |a zdroje ľudské 
610 2 0 |a zamestnanci 
610 2 0 |a vedomosti 
610 2 0 |a schopnosti pracovné 
610 2 0 |a zručnosti 
610 2 0 |a manažment znalostný 
100 1 |a Kintler, Jakub, 1979-